000 00254nam a2200109Ia 4500
008 220204s9999 xx 000 0 und d
082 _a338.26
_bBAW
100 _aBAWA, D S
245 0 _aRural project planning
260 _aDelhi
_bBava
_c1975
942 _cBK
999 _c25033
_d25033